Constitución Política de la República de Chile: edición oficial al 31 de Mayo de 1966, aprobada por decreto N§ 2.077 de 21 de Noviembre de 1967 del Ministerio de Justicia

Saved in:
Bibliografiske detaljer
Format: Bog
Sprog:spansk
Udgivet: Santiago Jurídica 1966
Fag:
Tags: Tilføj Tag
Ingen Tags, Vær først til at tagge denne postø!

MARC

LEADER 00000nam a2200000 a 4500
001 UCT6990
003 CL-VaPUC
008 970113e19660000CL |||||||||||||||||spa|d
082 0 4 |a 342.83  |b CON  |2 21 
245 1 0 |a Constitución Política de la República de Chile: edición oficial al 31 de Mayo de 1966, aprobada por decreto N§ 2.077 de 21 de Noviembre de 1967 del Ministerio de Justicia 
300 |a 406 p 
942 |c BK 
945 |d 19970113 00:00:00  |a lriquelm 
260 |a Santiago  |b Jurídica  |c 1966 
600 0 |a Congreso Nacional de Chile  |9 256491 
600 0 7 |a TRIBUNAL CALIFICADOR DE ELECCIONES  |2 CL-VaPUC  |9 377503 
650 7 |a CONSTITUCION 1925  |2 CL-VaPUC  |9 258619 
650 0 |a Derecho constitucional   |9 222588 
650 7 |a SISTEMAS POLITICOS  |2 CL-VaPUC  |9 377504 
650 0 |a Poder legislativo  |9 258808 
650 0 |a Garantías constitucionales   |9 377505 
650 0 |a Poder judicial  |9 254871 
650 0 |a Poder ejecutivo  |9 255177 
650 0 |a Formación de la ley  |9 337922 
583 |a last modification  |c 20130925 06:36:33  |k Rodrigo Vera 
999 |c 255655  |d 255653 
952 |0 0  |1 0  |4 0  |6 342_830000000000000_CON_1966  |7 0  |8 A  |9 278006  |a BIBDER  |b BIBDER  |d 2019-11-19  |i 1802666  |o 342.83 CON 1966  |p 1802666  |r 2023-01-25  |w 2019-11-19  |y BK  |k DER